| 000 | 00365nam a22001577a 4500 | ||
|---|---|---|---|
| 003 | OSt | ||
| 008 | 240410b |||||||| |||| 00| 0 eng d | ||
| 020 | _a9789355515834 | ||
| 082 | _a005.133 KAD | ||
| 100 | _aKANETKAR,Yashavant | ||
| 245 | _aData Structures Through C++ | ||
| 250 | _a5th Ed | ||
| 260 |
_aNew Delhi _bBPB _c2024 |
||
| 300 | _a309 | ||
| 942 |
_2ddc _cBK |
||
| 999 |
_c12432 _d12432 |
||